000 00738nam a2200217Ia 4500
003 Ost
005 20260507075132.0
008 260507s9999||||xx |||||||||||||| ||und||
020 _a121169957
040 _cfsecg
041 _aara
082 _a330
100 _aدودين، بشار محمود
_eمؤلف
245 0 _aالإطار القانوني للعقد المبرم عبر شبكة الأنترنت /
_c بشار محمود دودين
260 _aعمان:
_bدار الثقافة للنشر والتوزيع,
_c2006
300 _a288 صفحة؛
_bإيضاحات ؛
_c24 سم
520 _aمدخلات أساسية لموضوع العقد
653 _aالأنترنت
653 _aالعقود
942 _cكتاب
999 _c43230
_d43230